Crítica cultural y sociedad

Uloženo v:
Podrobná bibliografie
Hlavní autor: Adorno, Theodor Wiesengrund (Autor)
Médium: Kniha
Jazyk:španělština
Vydáno: Barcelona Ariel 1969
Edice:Ariel Quincenal
Témata:
Tagy: Přidat tag
Žádné tagy, Buďte první, kdo vytvoří štítek k tomuto záznamu!

MARC

LEADER 00000nam a2200000 a 4500
001 UCN2563
003 CL-VaPUC
008 010530e19690000SP |||||||||||||||||spa|d
082 0 4 |a 301  |b ADO  |2 21 
100 0 |a Adorno, Theodor Wiesengrund  |e author  |9 325578 
245 1 0 |a Crítica cultural y sociedad 
300 |a 230 p 
942 |c BK 
945 |d 20010530 00:00:00  |a cmena 
260 |a Barcelona  |b Ariel  |c 1969 
650 0 |a Sociología   |9 255410 
650 0 |a Filosofía social  |9 268191 
650 0 |a Cultura y sociedad  |9 367502 
583 |a last modification  |c 20010530 00:00:00  |k Rodrigo Vera 
490 0 |a Ariel Quincenal 
999 |c 295622  |d 295620 
952 |0 0  |1 0  |4 0  |6 301_000000000000000_ADO_1969  |7 0  |8 A  |9 348901  |a BIBCUR  |b BIBCUR  |d 2019-11-20  |i 370713K  |o 301 ADO 1969  |p 370713K  |r 2025-04-22  |w 2019-11-20  |y BK  |k PER